000
00301nam a2200109Ia 4500
005
20251222143318.0
008
251222s9999||||xx |||||||||||||| ||spa||
082
_a
305.231/C7/4
245
0
_a
La niña:
264
_b
Comisión Organizadora de la Semana Nacional por los Derechos del Niño
942
_c
LIB
999
_c
15976
_d
15976